[Event "AUTO-INT-3278"]
[Site "http://www.queenalice.com/game.php?id=1494020"]
[Date "2017.9.11"]
[Round "1"]
[White "qxr"]
[Black "Elias26"]
[Result "0-1"]
[WhiteElo "1587"]
[BlackElo "1380"]

1. d4 Nf6 2. c4 e6 3. Nc3 b6 4. d5 Bb7 5. g3 Bb4 6. Bd2 Bxc3 7. Bxc3 exd5 8.
cxd5 Nxd5 9. Bxg7 Rg8 10. Qd4 Qg5 11. Nf3 Qxg7 12. Qe4+ Kd8 13. Qc2 Nb4 14. Qc4
a5 15. a3 N4c6 16. Qh4+ Ne7 17. Bg2 d6 18. O-O Nd7 19. b4 Ne5 20. Nxe5 Bxg2 21.
Kxg2 Qxe5 22. Qxh7 axb4 23. axb4 Rxa1 24. Rxa1 Qxa1 25. Qd3 Ng6 26. Qf3 Ne5 27.
Qa8+ Qxa8+ 0-1

[Event "AUTO-INT-3278"]
[Site "http://www.queenalice.com/game.php?id=1494021"]
[Date "2017.9.11"]
[Round "1"]
[White "Elias26"]
[Black "Ricardoabreu"]
[Result "1-0"]
[WhiteElo "1328"]
[BlackElo "1623"]

1. d4 e6 2. Nf3 b6 3. g3 Bb7 4. Bg2 g6 5. c4 Bg7 6. Nc3 Ba6 7. O-O c6 8. Ne4 Qe7
9. Qc2 Nf6 10. b3 Nxe4 11. Qxe4 f5 12. Qc2 e5 13. dxe5 Bxe5 14. Nxe5 Qxe5 15.
Bb2 Qe7 16. Bxh8 d6 17. e4 fxe4 18. Rae1 d5 19. Bxe4 dxe4 20. Rxe4 Qxe4 21.
Qxe4+ 1-0

[Event "AUTO-INT-3278"]
[Site "http://www.queenalice.com/game.php?id=1494022"]
[Date "2017.9.11"]
[Round "1"]
[White "Ricardoabreu"]
[Black "Elias26"]
[Result "0-1"]
[WhiteElo "1613"]
[BlackElo "1356"]

1. b3 Nc6 2. Bb2 e6 3. g3 Nf6 4. Bg2 d5 5. e3 Be7 6. Nc3 a6 7. Nf3 b5 8. Ne2 Bb7
9. Ned4 Nxd4 10. Bxd4 c5 11. Bb2 O-O 12. d4 Ne4 13. Ne5 Qa5+ 14. Kf1 Qc7 15.
dxc5 Bf6 16. f4 Bxe5 17. Bxe5 Qxc5 18. Qd3 b4 19. Bf3 a5 20. Bd4 Qe7 21. Rc1 Ba6
22. c4 bxc3 23. Rxc3 Nxc3 24. Bxc3 Bxd3+ 25. Be2 Bxe2+ 26. Kxe2 Qc5 27. Rc1 a4
28. Bxg7 Qxc1 0-1

[Event "AUTO-INT-3279"]
[Site "http://www.queenalice.com/game.php?id=1494637"]
[Date "2017.9.15"]
[Round "1"]
[White "papilon_br"]
[Black "Elias26"]
[Result "1-0"]
[WhiteElo "1720"]
[BlackElo "1382"]

1. e4 c5 2. Nc3 g6 3. d4 cxd4 4. Qxd4 Nf6 5. e5 Nc6 6. Qe3 Nb4 7. Bd3 Nfd5 8.
Nxd5 Nxd5 9. Qd4 e6 10. Be3 Nxe3 11. Qxe3 Bg7 12. Nf3 b6 13. O-O-O Bb7 14. Bb5
O-O 15. Rxd7 Qb8 16. Rhd1 Bxf3 17. Qxf3 Qxe5 18. Qb3 a5 19. h3 h5 20. Bc6 Rac8
21. Qxb6 Rb8 22. Bb7 Qf4+ 23. Kb1 Be5 24. Qxa5 Bg7 25. Qd2 Qb4 26. Qxb4 1-0

[Event "AUTO-INT-3279"]
[Site "http://www.queenalice.com/game.php?id=1494638"]
[Date "2017.9.15"]
[Round "1"]
[White "Elias26"]
[Black "papilon_br"]
[Result "0-1"]
[WhiteElo "1467"]
[BlackElo "1790"]

1. d4 d5 2. g3 Nc6 3. Bg2 Nf6 4. Nf3 g6 5. b3 Bg7 6. Bb2 Bg4 7. O-O Bxf3 8. Bxf3
Ne4 9. e3 e5 10. Nd2 Nxd2 11. Qxd2 e4 12. Bg2 O-O 13. Rac1 a6 14. c4 Qd7 15.
cxd5 Qxd5 16. f3 exf3 17. Bxf3 Qd6 18. Rc3 Ne5 19. Bxb7 Rab8 20. Qg2 Ng4 21.
Bxa6 Qxa6 22. Rxc7 Nxe3 23. Qf3 Nxf1 24. Qxf1 Qxf1+ 25. Kxf1 Rfe8 26. a4 Rxb3
27. Bc1 Bxd4 28. a5 Rb1 29. a6 Ra8 30. Ke2 Rxa6 31. Kd3 Bg7 32. Bf4 Ra4 33. h4
Rb3+ 34. Kc2 Rb2+ 35. Kd3 Rb3+ 36. Ke2 Ra2+ 0-1

[Event "AUTO-INT-3279"]
[Site "http://www.queenalice.com/game.php?id=1494655"]
[Date "2017.9.15"]
[Round "1"]
[White "Elias26"]
[Black "z3r0vulc4n"]
[Result "1-0"]
[WhiteElo "1464"]
[BlackElo "1605"]

1. d4 d5 2. g3 Nc6 3. Bg2 Nf6 4. Nf3 e6 5. a3 Be7 6. Nc3 h6 7. O-O O-O 8. Bf4
Bd6 9. Bxd6 Qxd6 10. Re1 e5 11. dxe5 Nxe5 12. Nb5 Qb6 13. Nxe5 Qxb5 14. a4 Qxb2
15. Bxd5 Qxe5 16. c4 Rd8 17. Bxf7+ Kxf7 18. Qxd8 Ng4 19. Rad1 Qh5 20. h4 Ne5 21.
Rd5 c6 22. Qc7+ Kf6 23. Qd6+ Be6 24. f4 Nf7 25. Qc5 Bxd5 26. cxd5 cxd5 27. e4
Qf3 28. e5+ Kf5 29. Re3 Qd1+ 30. Kh2 d4 31. Ra3 d3 32. Qd5 d2 33. Qxf7+ Kg4 34.
Qg6# 1-0

[Event "AUTO-INT-3279"]
[Site "http://www.queenalice.com/game.php?id=1494656"]
[Date "2017.9.15"]
[Round "1"]
[White "z3r0vulc4n"]
[Black "Elias26"]
[Result "0-1"]
[WhiteElo "1593"]
[BlackElo "1492"]

1. e4 c5 2. Nc3 g6 3. Nf3 Nc6 4. Bb5 Bg7 5. O-O d6 6. h3 Nf6 7. d4 cxd4 8. Nxd4
Bd7 9. Nxc6 bxc6 10. Bc4 O-O 11. Bg5 Qb6 12. Bxf6 Bxf6 13. a4 Qxb2 14. Ne2 Qxa1
15. Qxa1 Bxa1 16. Rxa1 Rab8 17. a5 Rb2 18. Rc1 e6 19. Nc3 d5 20. exd5 exd5 21.
Bb3 Bf5 22. Na4 Rxb3 23. cxb3 Rb8 24. Rxc6 Rxb3 25. Ra6 d4 26. Rxa7 d3 27. Ra8+
Kg7 28. Rd8 Ra3 29. Nc5 Rxa5 30. Nxd3 Ra1+ 31. Kh2 Rd1 32. g4 Rxd3 33. Rxd3 Bxd3
34. Kg3 g5 35. f4 Kg6 36. fxg5 Kxg5 37. h4+ Kg6 38. Kf4 h5 39. g5 f6 40. gxf6
Kxf6 41. Kg3 Kf5 42. Kf3 Bc2 43. Kg3 Bd1 44. Kh3 Kf4 45. Kh2 Kg4 0-1

[Event "AUTO-INT-3279"]
[Site "http://www.queenalice.com/game.php?id=1494657"]
[Date "2017.9.15"]
[Round "1"]
[White "Elias26"]
[Black "Derik_vd_Heever"]
[Result "1-0"]
[WhiteElo "1512"]
[BlackElo "1398"]

1. d4 d5 2. c4 Nf6 3. Nf3 Nc6 4. Nc3 dxc4 5. e4 Bg4 6. Be3 g6 7. Bxc4 e6 8. h3
Bxf3 9. Qxf3 Bg7 10. O-O Nb4 11. e5 Nd7 12. Bb3 O-O 13. Qxb7 Nd5 14. Bxd5 a5 15.
Qxa8 Nb8 16. Be4 Qh4 17. Qxa5 f5 18. exf6 Bxf6 19. Qxc7 Na6 20. Qd6 Ra8 21.
Qxe6+ Kh8 22. Bxa8 Nc7 23. Qc8+ Bd8 24. Ne4 Nd5 25. Bxd5 g5 26. Qxd8+ Kg7 27.
Qe7+ Kg6 28. Qf6+ Kh5 29. Bf7# 1-0

[Event "AUTO-INT-3279"]
[Site "http://www.queenalice.com/game.php?id=1494658"]
[Date "2017.9.15"]
[Round "1"]
[White "Derik_vd_Heever"]
[Black "Elias26"]
[Result "1-0"]
[WhiteElo "1378"]
[BlackElo "1485"]

1. e4 c5 2. Nc3 g6 3. Nf3 Bg7 4. g3 Nc6 5. Bg2 d6 6. O-O Nf6 7. d4 cxd4 8. Nxd4
Nxd4 9. Qxd4 O-O 10. Nd5 e6 11. Nf4 e5 12. Qe3 b6 13. Bd2 Bb7 14. f3 exf4 15.
Qxf4 Qc7 16. c3 Rfe8 17. Rae1 Ba6 18. Rf2 Qc5 19. Be3 Qa5 20. a3 Rad8 21. Rd1 d5
22. e5 Nd7 23. Rfd2 Rxe5 24. Bd4 Re6 25. Bxg7 Kxg7 26. Rxd5 b5 27. c4 Qb6+ 28.
R1d4 bxc4 29. Qd2 Bb5 30. Bh3 1-0

[Event "OS INCLIVEIS"]
[Site "http://www.queenalice.com/game.php?id=1497137"]
[Date "2017.10.1"]
[Round "-"]
[White "adelio"]
[Black "Elias26"]
[Result "0-1"]
[WhiteElo "1247"]
[BlackElo "1404"]

1. d4 Nf6 2. c4 d5 3. Nc3 e6 4. e4 dxe4 5. Bg5 Be7 6. Bxf6 Bxf6 7. Nxe4 O-O 8.
Bd3 Bxd4 9. Nf3 Nd7 10. Nxd4 Nf6 11. Nxf6+ Qxf6 0-1

[Event "OS INCLIVEIS"]
[Site "http://www.queenalice.com/game.php?id=1497138"]
[Date "2017.10.1"]
[Round "-"]
[White "Elias26"]
[Black "adelio"]
[Result "1-0"]
[WhiteElo "1414"]
[BlackElo "1237"]

1. d4 d5 2. Nf3 e6 3. g3 Nd7 4. Bg2 Ndf6 5. Bg5 h6 6. Bxf6 Nxf6 7. c4 Bd6 8. Nc3
dxc4 9. O-O c6 10. e4 b5 11. e5 1-0

[Event "Challenge"]
[Site "http://www.queenalice.com/game.php?id=1497856"]
[Date "2017.10.7"]
[Round "-"]
[White "MASTROIANNI"]
[Black "Elias26"]
[Result "0-1"]
[WhiteElo "1227"]
[BlackElo "1523"]

1. d4 e6 2. f4 Nc6 3. e4 d5 4. e5 b6 5. Nf3 Bb7 6. a3 h6 7. Bb5 Ne7 8. b3 a6 9.
Bd3 Qd7 10. c4 dxc4 11. Bxc4 O-O-O 12. Bb2 Nf5 13. Qd3 Ncxd4 14. Bxd4 Nxd4 0-1

[Event "AUTO-INT-3292"]
[Site "http://www.queenalice.com/game.php?id=1501438"]
[Date "2017.11.1"]
[Round "1"]
[White "Elias26"]
[Black "maurice91"]
[Result "0-1"]
[WhiteElo "1465"]
[BlackElo "1808"]

1. d4 d5 2. c4 c6 3. Nc3 Nf6 4. Nf3 e6 5. e3 Bb4 6. a3 Bxc3+ 7. bxc3 dxc4 8.
Bxc4 Nd5 9. Qc2 a6 10. O-O b5 11. Bd3 Bb7 12. e4 Nf6 13. Bg5 h6 14. Bxf6 Qxf6
15. Rfe1 Nd7 16. Rab1 g6 17. a4 O-O 18. axb5 cxb5 19. h3 Rac8 20. Qd2 Kg7 21.
Nh2 Rh8 22. Ng4 Qe7 23. f4 h5 24. Nh2 Rc7 25. Nf3 Rhc8 26. Rbc1 f6 27. g3 e5 28.
f5 gxf5 29. exf5 Bxf3 30. Be4 Bxe4 31. Rxe4 Qf7 32. g4 Kh7 0-1

[Event "AUTO-INT-3292"]
[Site "http://www.queenalice.com/game.php?id=1501453"]
[Date "2017.11.1"]
[Round "1"]
[White "Elias26"]
[Black "Piotr70"]
[Result "0-1"]
[WhiteElo "1446"]
[BlackElo "1492"]

1. d4 e6 2. c4 Nf6 3. Nc3 Nc6 4. Nf3 Bb4 5. Bd2 Bxc3 6. Bxc3 d5 7. e3 O-O 8.
cxd5 exd5 9. Bd3 Bg4 10. O-O h6 11. h3 Bxf3 12. Qxf3 a6 13. Rfe1 b5 14. e4 Ne7
15. e5 Nd7 16. Bb4 c6 0-1

[Event "AUTO-INT-3292"]
[Site "http://www.queenalice.com/game.php?id=1501454"]
[Date "2017.11.1"]
[Round "1"]
[White "Piotr70"]
[Black "Elias26"]
[Result "1-0"]
[WhiteElo "1477"]
[BlackElo "1461"]

1. e4 c5 2. Nc3 Nc6 3. Nf3 d6 4. Bb5 Bd7 5. O-O Nf6 6. d3 e6 7. Bxc6 Bxc6 8. Bg5
Be7 9. h3 h6 10. Bxf6 Bxf6 11. Re1 O-O 12. a3 a6 13. e5 dxe5 14. b4 e4 15. dxe4
Bxc3 16. Qxd8 1-0